| 000 | 00448cam a2200181ua 4500 | ||
|---|---|---|---|
| 020 | _cRs 0.80 | ||
| 041 |
_aeng _h |
||
| 082 |
_a320.58 _bGUR/GA |
||
| 100 | _aGurdial, Malik . | ||
| 245 |
_aGandhi and Tagore / _cGurdial Malik. _hTextual Documents |
||
| 260 |
_aAhmadabad : _bNavajivan publishing house , _c1961. |
||
| 300 | _a77 ; . | ||
| 365 | _aRs 0.80 | ||
| 504 | _a | ||
| 650 | _aGandhiana | ||
| 942 | _cBK | ||
| 999 |
_c1076 _d1076 |
||